| 000 | 00655nam a2200217Ii 4500 | ||
|---|---|---|---|
| 003 | JO-AjNU | ||
| 008 | 230606s9999||||xx |||||||||||||| ||und|| | ||
| 020 | _a978-1-108-41577-4(hbk)/978-1-108-40207-1(pbk) | ||
| 040 |
_aJO-AjNU _beng _erda _cJO-AjNU |
||
| 041 | _aeng | ||
| 050 | 1 | 4 | _aPE1112.C86 2018 |
| 100 | 3 |
_aCummings,Louise, _eauthor _95975 |
|
| 245 | 0 | 0 | _aworking with English Grammer: An introduction |
| 250 | _a1 ed | ||
| 264 | 3 | 1 | _aBRITISH: CMBRIDGE UNIVERSITY PRESS, 2017 |
| 300 | _a372p | ||
| 336 |
_atext _btxt _2rdacontent |
||
| 337 |
_aunmediated _bn _2rdamedia |
||
| 338 |
_avolume _bnc _2rdacarrier |
||
| 650 | 4 |
_aEnglish grammer _95976 |
|
| 999 |
_aE3099 _c3096 _d3096 |
||